000 00661nam a2200193 a 4500
001 000011243
005 20240412074224.0
008 091015s1974 dr 000 p spa d
040 _aDO-SdBNP
_bspa
_cBNPHU
082 _aRD861.44
_bR696s
100 1 _aRodríguez Fiol, Manuel M.
_926789
245 1 0 _aSagrario :
_blibro de poesías, canto a la juventud, a la esperanza y el porvenir /
_cManuel M. Rodríguez Fiol.
260 _aSanto Domingo :
_bInstituto Técnico Salesiano,
_c1974.
300 _a34 p. ;
_c22 cm.
600 1 4 _aDÍAZ, SAGRARIO,
_d1946-1972
_926810
650 0 _aPoesía dominicana
_966
650 0 _aLiteratura dominicana.
_967
049 _aBNPD
999 _c10962
_d10962